Personnes au nom de couleur - Statistiques

Statistiques générales
  • Ce quiz a été pris 209 fois
  • Le résultat moyen est 8 sur 20
Statistiques - réponses
Par images Hint Réponse % Correct
Chateur/Acteur Julien Doré
95%
Acteur Michel Blanc
81%
Pongistes Frères Lebrun
76%
Entraineur de football Laurent Blanc
72%
Chanteuse P!nk
70%
Entraineur de football Guy Roux
59%
Chanteuse Axelle Red
56%
Acteur/Chanteur Jack Black
47%
Humoriste Blanche Gardin
45%
Actrice Eva Green
42%
Acteur Matt LeBlanc
38%
Chanteur James Brown
36%
Rugbyman Serge Blanco
24%
Chanteur Barry White
19%
Chanteur Axl Rose
18%
Homme politique Albert Lebrun
17%
Peintre Élisabeth Vigée Le Brun
7%
Auteur Frédéric Lenoir
5%
Auteur Gaston Leroux
3%
Auteur Maurice Leblanc
3%
Aucun quiz correspondant
Distribution des résultats
% des personnes avec chaque résultat
Percentile par nombre de réponses
Votre historique - résultats
Vous n’avez pas pris ce quiz